[Event "CYCC U16 w"]
[Site "Hamilton CAN"]
[Date "2022.07.10"]
[Round "6.4"]
[White "Guo, Veronica (Yu Han)"]
[Black "Jain, Ankita"]
[Result "1/2-1/2"]
[WhiteElo "1984"]
[BlackElo "1378"]
[PlyCount "175"]
[EventDate "2022.07.08"]
[EventType "swiss"]
[EventRounds "7"]
[EventCountry "CAN"]

1. d4 Nf6 2. c4 e6 3. Nc3 Bb4 4. e3 O-O 5. Nge2 d5 6. a3 Be7 7. cxd5 exd5 8.
Nf4 Re8 9. Bd3 c6 10. O-O Nbd7 11. f3 Nf8 12. b4 Ne6 13. Bc2 Nxf4 14. exf4 Bf8
15. f5 Nd7 16. Bf4 Nb6 17. Qd3 f6 18. Bb3 Bd6 19. Bd2 Qe7 20. Rae1 Qf7 21. Re2
Bd7 22. g4 Nc8 23. Rg2 g6 24. Bh6 Bf8 25. Bxf8 Kxf8 26. fxg6 hxg6 27. b5 f5 28.
bxc6 bxc6 29. Na4 Nd6 30. Nc5 Re7 31. Rc2 Be8 32. Qd2 Rb8 33. Ba2 Nb5 34. Rb2
Rb6 35. a4 Nc7 36. Nd3 Ne6 37. Ne5 Qg7 38. Rfb1 Rxb2 39. Rxb2 Nxd4 40. Qxd4
Qxe5 41. Qb4 Qe1+ 42. Qxe1 Rxe1+ 43. Kf2 Re7 44. g5 Re5 45. a5 d4 46. a6 d3 47.
Bc4 Re2+ 48. Rxe2 dxe2 49. Kxe2 Ke7 50. Ke3 Kd6 51. Kd4 c5+ 52. Ke3 Ke5 53. f4+
Kd6 54. Kd3 Ke7 55. Kc3 Kd6 56. h3 Ke7 57. h4 Kf8 58. Bd3 Ke7 59. Kc4 Kd6 60.
Be2 Bf7+ 61. Kc3 Kc6 62. Bd3 Kd6 63. Bc4 Be8 64. Bg8 Ke7 65. Bc4 Kd6 66. Kd3
Ke7 67. Ke3 Kf8 68. Kf3 Bc6+ 69. Kg3 Bd7 70. Bd3 Kg7 71. Be2 Be8 72. Bc4 Bd7
73. Kh3 Kh7 74. Be2 Be8 75. Kg3 Kg7 76. Kf3 Bd7 77. Ke3 Be6 78. Kd3 Bf7 79. Kc3
Kf8 80. Bc4 Be8 81. Bd3 Bf7 82. Kd2 Be6 83. Be2 Bf7 84. Kc3 Ke7 85. Bb5 Kd6 86.
Bc4 Be8 87. Bg8 Ke7 88. Bd5 1/2-1/2

[Event "CYCC U16 w"]
[Site "Hamilton CAN"]
[Date "2022.07.10"]
[Round "6.35"]
[White "Jiang, Kate"]
[Black "Gilani, Mysha"]
[Result "0-1"]
[WhiteElo "1982"]
[BlackElo "1701"]
[PlyCount "88"]
[EventDate "2022.07.08"]
[EventType "swiss"]
[EventRounds "7"]
[EventCountry "CAN"]

1. e4 e5 2. Nf3 Nc6 3. Bb5 a6 4. Ba4 Nf6 5. O-O d6 6. Re1 b5 7. Bb3 Be7 8. c3
Bg4 9. h3 Bh5 10. d3 Na5 11. Bc2 c5 12. Nbd2 O-O 13. Nf1 Re8 14. Ng3 Bg6 15.
Bg5 h6 16. Be3 c4 17. d4 exd4 18. cxd4 Nc6 19. a3 Bf8 20. Bf4 Nh5 21. Qd2 Qf6
22. Nxh5 Bxh5 23. g4 Bg6 24. Kg2 Qd8 25. Qc3 d5 26. e5 b4 27. Qd2 Bxc2 28. Qxc2
b3 29. Qb1 Be7 30. Rh1 Bh4 31. Be3 a5 32. Rg1 Be7 33. Kh2 Bg5 34. Bxg5 hxg5 35.
Qf5 f6 36. exf6 Qxf6 37. Qxd5+ Kh8 38. Kg2 Rf8 39. Rgf1 Rad8 40. Qe4 Nxd4 41.
Nxd4 Rxd4 42. Qe2 Rfd8 43. Rab1 Qc6+ 44. Kg1 Re8 0-1

[Event "CYCC U16 w"]
[Site "Hamilton CAN"]
[Date "2022.07.10"]
[Round "6.36"]
[White "Geillon-Barral, Roween"]
[Black "Qian, Jessica"]
[Result "0-1"]
[WhiteElo "1066"]
[BlackElo "1526"]
[PlyCount "162"]
[EventDate "2022.07.08"]
[EventType "swiss"]
[EventRounds "7"]
[EventCountry "CAN"]

1. e4 e5 2. Nf3 Nc6 3. Bc4 Nf6 4. d3 Bc5 5. O-O d6 6. Nc3 Bg4 7. h3 Bh5 8. Be3
Bxe3 9. fxe3 Na5 10. Bb3 Nxb3 11. axb3 a6 12. Qd2 O-O 13. d4 Re8 14. Rae1 Bg6
15. Qe2 Nxe4 16. Nxe4 Bxe4 17. c3 exd4 18. exd4 Qd7 19. Qf2 Bd3 20. Rxe8+ Rxe8
21. Re1 Rxe1+ 22. Qxe1 h6 23. Qd2 Be4 24. Qe3 Bc2 25. b4 Bb3 26. Nd2 Qe6 27.
Qf2 Bd5 28. c4 Bxc4 29. h4 Qe2 30. Qxe2 Bxe2 31. Kf2 Bb5 32. Ke3 Bc6 33. g3 Kf8
34. Nb1 Ke7 35. Nc3 Ke6 36. Kf4 b6 37. g4 Bd5 38. h5 Bb3 39. g5 hxg5+ 40. Kxg5
a5 41. b5 Bc4 42. h6 gxh6+ 43. Kxh6 Kf5 44. Kg7 Kg4 45. Kf6 Kf4 46. d5 Ke3 47.
Kxf7 Kd4 48. Ke7 Bxd5 49. Kd7 Kc5 50. Kxc7 Bf3 51. Nb1 d5 52. Nd2 Be4 53. Kd7
Kxb5 54. Kd6 Kb4 55. Kc6 b5 56. Kd6 Bg2 57. Ke5 Kc5 58. Nb3+ Kb4 59. Nd2 a4 60.
Kd4 a3 61. bxa3+ Kxa3 62. Kc3 b4+ 63. Kc2 Be4+ 64. Kd1 b3 65. Kc1 b2+ 66. Kd1
b1=Q+ 67. Nxb1+ Bxb1 68. Kd2 Be4 69. Ke3 Kb3 70. Kd4 Kc2 71. Ke5 Kc3 72. Kf4
Kd2 73. Ke5 Ke3 74. Ke6 d4 75. Ke5 d3 76. Ke6 d2 77. Ke5 d1=Q 78. Kf6 Qd5 79.
Ke7 Qe5+ 80. Kd8 Qd6+ 81. Ke8 Bg6# 0-1

[Event "CYCC U16 w"]
[Site "Hamilton CAN"]
[Date "2022.07.11"]
[Round "7.31"]
[White "Qian, Jessica"]
[Black "Tsukerman, Julia"]
[Result "1/2-1/2"]
[WhiteElo "1526"]
[BlackElo "1860"]
[PlyCount "30"]
[EventDate "2022.07.08"]
[EventType "swiss"]
[EventRounds "7"]
[EventCountry "CAN"]

1. e4 c5 2. Nf3 d6 3. d4 cxd4 4. Nxd4 Nf6 5. Nc3 g6 6. f4 Nc6 7. Nxc6 bxc6 8.
h3 Bg7 9. Be3 O-O 10. Qf3 Bb7 11. Bc4 d5 12. exd5 cxd5 13. Rd1 Qa5 14. O-O e6
15. Bb3 Ne4 1/2-1/2

[Event "CYCC U16 w"]
[Site "Hamilton CAN"]
[Date "2022.07.11"]
[Round "7.32"]
[White "Jain, Ankita"]
[Black "Wang, Rachel"]
[Result "1/2-1/2"]
[WhiteElo "1378"]
[BlackElo "1850"]
[PlyCount "80"]
[EventDate "2022.07.08"]
[EventType "swiss"]
[EventRounds "7"]
[EventCountry "CAN"]

1. d4 d5 2. Nf3 Nf6 3. c4 dxc4 4. e3 e6 5. Bxc4 c5 6. O-O Nc6 7. Nc3 cxd4 8.
exd4 Be7 9. Be3 O-O 10. a3 Na5 11. Be2 b6 12. Ne5 Bb7 13. Bf3 Nd5 14. Bxd5 Bxd5
15. Nxd5 Qxd5 16. b4 Nb7 17. Qf3 Qxf3 18. Nxf3 Nd6 19. Rac1 Rac8 20. Ne5 Bf6
21. Nd7 Rfd8 22. Nxf6+ gxf6 23. Rxc8 Rxc8 24. Rc1 Rxc1+ 25. Bxc1 Kf8 26. Kf1
Ke7 27. Ke2 Nc4 28. Kd3 b5 29. a4 a6 30. axb5 axb5 31. f4 Kd6 32. Ke4 f5+ 33.
Kd3 Kd5 34. h3 h5 35. h4 Kd6 36. Bd2 Nxd2 37. Kxd2 Kd5 38. Kd3 f6 39. g3 Kd6
40. Kd2 Kd5 1/2-1/2

[Event "CYCC U16 w"]
[Site "Hamilton CAN"]
[Date "2022.07.11"]
[Round "7.33"]
[White "Gilani, Mysha"]
[Black "Guo, Veronica (Yu Han)"]
[Result "0-1"]
[WhiteElo "1701"]
[BlackElo "1984"]
[PlyCount "84"]
[EventDate "2022.07.08"]
[EventType "swiss"]
[EventRounds "7"]
[EventCountry "CAN"]

1. d4 d5 2. c4 e6 3. Nc3 Be7 4. Bf4 Nf6 5. e3 O-O 6. Bd3 b6 7. Nge2 dxc4 8.
Bxc4 Bb7 9. O-O c5 10. Bg5 Nbd7 11. Rc1 h6 12. Bh4 Nh5 13. Bxe7 Qxe7 14. f3
cxd4 15. Nxd4 Rfd8 16. e4 Ne5 17. Bb3 Nf4 18. Ncb5 Ba6 19. Qd2 Qg5 20. Kh1 Bxb5
21. g3 Rxd4 22. Qxd4 Ne2 23. Qb4 Nd3 24. f4 Nxg3+ 25. Kg2 Nxb4 26. fxg5 Nxf1
27. a4 Ba6 28. Rc7 hxg5 29. Rd7 Ne3+ 30. Kf3 Nc4 31. Rd4 Nc6 32. Rd1 N6e5+ 33.
Kf2 Nxb2 34. Rb1 Rd8 35. Ke3 Rd3+ 36. Ke2 Rxb3+ 37. Kd2 Bd3 38. Rc1 Nbc4+ 39.
Kd1 Rb2 40. Rxc4 Nxc4 41. Ke1 Ne3 42. a5 Re2# 0-1

[Event "CYCC U16 w"]
[Site "Hamilton CAN"]
[Date "2022.07.11"]
[Round "7.34"]
[White "Geillon-Barral, Roween"]
[Black "Surya, Dania"]
[Result "1/2-1/2"]
[WhiteElo "1066"]
[BlackElo "1410"]
[PlyCount "104"]
[EventDate "2022.07.08"]
[EventType "swiss"]
[EventRounds "7"]
[EventCountry "CAN"]

1. e4 d5 2. exd5 Qxd5 3. Nc3 Qa5 4. Nf3 Nf6 5. d3 c6 6. Bf4 Bf5 7. a3 e6 8. b4
Qd8 9. Be2 Bd6 10. Bxd6 Qxd6 11. Qd2 O-O 12. O-O Nbd7 13. Rfe1 Nb6 14. Na2 Rac8
15. c4 Qc7 16. Nc3 Rcd8 17. d4 Rfe8 18. Ne5 Qxe5 19. dxe5 Rxd2 20. exf6 gxf6
21. h3 Red8 22. Kh2 Rc2 23. Nd1 Bd3 24. Bh5 Nxc4 25. Kg1 Rd5 26. Bf3 Re5 27.
Ne3 Nxe3 28. fxe3 Rd2 29. a4 Rb2 30. b5 cxb5 31. axb5 Rexb5 32. Rxa7 b6 33. h4
Rb1 34. Rxb1 Rxb1+ 35. Kh2 b5 36. h5 h6 37. g4 Rc1 38. Rb7 Rc5 39. Kg3 Kg7 40.
e4 f5 41. exf5 exf5 42. gxf5 Rxf5 43. Kg4 Rc5 44. Kf4 Rc1 45. Bd5 Bc4 46. Rxf7+
Kg8 47. Rf5+ Kh8 48. Rf8+ Kg7 49. Rf7+ Kh8 50. Rf8+ Kh7 51. Rf7+ Kh8 52. Rf8+
Kg7 1/2-1/2

[Event "CYCC U18"]
[Site "Hamilton CAN"]
[Date "2022.07.08"]
[Round "1.1"]
[White "Yoker, Callum"]
[Black "Rodrigue-Lemieux, Shawn"]
[Result "0-1"]
[WhiteElo "1670"]
[BlackElo "2493"]
[PlyCount "90"]
[EventDate "2022.07.08"]
[EventType "swiss"]
[EventRounds "7"]
[EventCountry "CAN"]

1. Nf3 c5 2. b3 Nc6 3. Bb2 d5 4. e3 a6 5. c4 dxc4 6. bxc4 Nf6 7. Be2 e6 8. O-O
Be7 9. d4 O-O 10. Nc3 cxd4 11. exd4 Qa5 12. Qc1 Bd7 13. Rd1 Rfc8 14. Qf4 Ba3
15. Bxa3 Qxa3 16. Ne4 Qe7 17. Nd6 Rcb8 18. c5 Nd5 19. Qd2 b5 20. h4 Qf6 21. Ng5
h6 22. Nf3 b4 23. Bf1 a5 24. a3 Qg6 25. Bb5 Nc3 26. a4 Nxd1 27. Rxd1 Qf6 28. d5
exd5 29. Qxd5 Ne7 30. Qc4 Be6 31. Qd4 Qxd4 32. Nxd4 Bd5 33. Re1 Kf8 34. c6 Bxc6
35. Rxe7 Kxe7 36. N6f5+ Kf6 37. Bxc6 b3 38. Bxa8 Rxa8 39. Nxb3 Kxf5 40. f3 Ke5
41. Kf2 Kd5 42. Ke3 Kc4 43. Nd2+ Kb4 44. Ne4 Kxa4 45. Nd6 Kb4 0-1

[Event "CYCC U18"]
[Site "Hamilton CAN"]
[Date "2022.07.08"]
[Round "1.2"]
[White "Zomorrodian, Eilia"]
[Black "Yu, Christopher"]
[Result "1-0"]
[WhiteElo "2263"]
[BlackElo "1591"]
[PlyCount "99"]
[EventDate "2022.07.08"]
[EventType "swiss"]
[EventRounds "7"]
[EventCountry "CAN"]

1. e4 c6 2. d4 d5 3. exd5 cxd5 4. c4 e6 5. Nc3 Nf6 6. c5 Nc6 7. Nf3 Be7 8. Bb5
O-O 9. O-O Bd7 10. Bf4 a6 11. Ba4 b6 12. Bxc6 Bxc6 13. Ne5 Rc8 14. b4 Ne4 15.
Qd3 Nxc3 16. Qxc3 Bg5 17. Bxg5 Qxg5 18. Rfe1 Qd8 19. a4 Qe8 20. a5 b5 21. Re3
f6 22. Nd3 Qf7 23. Rae1 Rfe8 24. R1e2 Bd7 25. Qe1 Rc6 26. g3 Kf8 27. Nf4 h6 28.
Kg2 g5 29. Nd3 Qg6 30. f4 g4 31. Qf2 Qf5 32. Kg1 Kg7 33. Ne1 Rcc8 34. Rb2 Re7
35. Ng2 Rce8 36. Nh4 Qh7 37. Rbe2 Qb1+ 38. Re1 Qh7 39. f5 e5 40. Ng6 Rf7 41.
dxe5 fxe5 42. Rxe5 Bxf5 43. Rxe8 Qxg6 44. Qd4+ Qf6 45. Qxf6+ Kxf6 46. Rd8 Be6
47. Rf1+ Ke7 48. Rxf7+ Kxf7 49. c6 Ke7 50. c7 1-0

[Event "CYCC U18"]
[Site "Hamilton CAN"]
[Date "2022.07.08"]
[Round "1.9"]
[White "Faizy, Mohammed"]
[Black "Doknjas, Neil"]
[Result "0-1"]
[WhiteElo "1395"]
[BlackElo "2262"]
[PlyCount "100"]
[EventDate "2022.07.08"]
[EventType "swiss"]
[EventRounds "7"]
[EventCountry "CAN"]

1. e4 c5 2. Nf3 d6 3. d4 cxd4 4. Nxd4 Nf6 5. Nc3 a6 6. Bg5 e6 7. f4 Qb6 8. Qd2
Nc6 9. Bxf6 gxf6 10. Nb3 Qc7 11. Be2 h5 12. O-O-O b5 13. Bf3 Bb7 14. Rhe1 O-O-O
15. Kb1 h4 16. Qf2 Ne7 17. f5 b4 18. Ne2 e5 19. c3 d5 20. exd5 Bxd5 21. cxb4 e4
22. Rxd5 Nxd5 23. Rc1 exf3 24. Rxc7+ Nxc7 25. Qxf3 Bxb4 26. Ned4 Rd5 27. Nc6
Bd6 28. Qe4 h3 29. gxh3 Rxh3 30. Qg4 Re3 31. h4 Rg3 32. Qh5 Rg1+ 33. Kc2 Rg2+
34. Kb1 Rg8 35. a3 Kb7 36. Nca5+ Ka7 37. Qxf7 Rg1+ 38. Ka2 Be5 39. Nc6+ Kb6 40.
Nb4 Rd6 41. Qc4 Kb7 42. Nc5+ Ka7 43. Ne4 Rdd1 44. Qc5+ Kb7 45. Qc6+ Kc8 46. Nc5
Rd2 47. Qb7+ Kd8 48. Qb8+ Ke7 49. Nc6+ Kd6 50. Qf8+ Kxc6 0-1

[Event "CYCC U18"]
[Site "Hamilton CAN"]
[Date "2022.07.08"]
[Round "1.10"]
[White "England, Max"]
[Black "Sayadi, Amin"]
[Result "1-0"]
[WhiteElo "2084"]
[BlackElo "1371"]
[PlyCount "73"]
[EventDate "2022.07.08"]
[EventType "swiss"]
[EventRounds "7"]
[EventCountry "CAN"]

1. e4 e5 2. Nf3 Nc6 3. Bc4 Bc5 4. d3 h6 5. Nc3 Nf6 6. Be3 Qe7 7. a3 b6 8. b4
Bd4 9. Bxd4 Nxd4 10. Nxd4 exd4 11. Ne2 Qd6 12. h3 a5 13. O-O axb4 14. axb4 Rxa1
15. Qxa1 Bb7 16. Nxd4 O-O 17. Nf5 Qf4 18. Qd1 d5 19. Ne7+ Kh8 20. Nxd5 Nxd5 21.
exd5 b5 22. Bxb5 Bxd5 23. Qg4 Qxg4 24. hxg4 Rb8 25. c4 c6 26. cxd5 cxb5 27. Rc1
Re8 28. Rc5 Re1+ 29. Kh2 Rd1 30. Rc3 Rd2 31. d6 Rxf2 32. d7 Kh7 33. d8=Q Rf4
34. Qd5 Rxb4 35. Qf5+ g6 36. Qxf7+ Kh8 37. Rc8# 1-0

[Event "CYCC U18"]
[Site "Hamilton CAN"]
[Date "2022.07.08"]
[Round "1.11"]
[White "Ashley, Mathew"]
[Black "Wu, Tony (Dongze)"]
[Result "0-1"]
[WhiteElo "1196"]
[BlackElo "2146"]
[PlyCount "106"]
[EventDate "2022.07.08"]
[EventType "swiss"]
[EventRounds "7"]
[EventCountry "CAN"]

1. d4 Nf6 2. c4 e6 3. Nc3 Bb4 4. Qc2 b6 5. e4 Bxc3+ 6. bxc3 d6 7. f4 e5 8. Nf3
Nbd7 9. Bd3 Bb7 10. O-O c5 11. d5 Qc7 12. a4 a5 13. Rb1 O-O-O 14. h3 Rdf8 15.
fxe5 dxe5 16. Be3 Ne8 17. Nh4 Nd6 18. Rb2 Ba6 19. Qe2 Kb7 20. Nf5 Nxf5 21. exf5
Qd6 22. Rfb1 f6 23. Rb3 Ka7 24. Qf2 Rb8 25. Qg3 Rhg8 26. Bf2 Rb7 27. Be3 Re8
28. R3b2 Re7 29. Qh4 h6 30. Qg3 Rb8 31. Be2 Bc8 32. Qf2 Ba6 33. Kh1 Rb7 34. Qg1
Re8 35. Qf2 Rc8 36. Qg3 Nf8 37. h4 Rcc7 38. Kg1 Rb8 39. Kh1 Qd7 40. Qf2 Qd6 41.
Qg3 Bc8 42. Bd3 Bd7 43. Bc2 Be8 44. Be4 Bxa4 45. Ra2 Be8 46. Rba1 Rbb7 47. Qf2
Kb8 48. Rxa5 bxa5 49. Rxa5 Nd7 50. Qa2 Ra7 51. Qb2+ Rcb7 52. Rb5 Rxb5 53. cxb5
Nb6 0-1

[Event "CYCC U18"]
[Site "Hamilton CAN"]
[Date "2022.07.08"]
[Round "1.12"]
[White "Superceanu, Andi"]
[Black "Khamidov, Bek"]
[Result "1/2-1/2"]
[WhiteElo "1944"]
[BlackElo "782"]
[PlyCount "53"]
[EventDate "2022.07.08"]
[EventType "swiss"]
[EventRounds "7"]
[EventCountry "CAN"]

1. e4 e5 2. Nf3 Nc6 3. Bc4 Bc5 4. c3 Nf6 5. d3 d6 6. Bb3 a6 7. Nbd2 Be6 8. O-O
O-O 9. h3 b5 10. Re1 Qb8 11. Bc2 b4 12. Nf1 Qb6 13. Be3 Bxe3 14. Nxe3 Rfb8 15.
c4 Nd4 16. Nd2 Nd7 17. Nb3 a5 18. Nxd4 Qxd4 19. Rb1 Nc5 20. Nf1 a4 21. b3 a3
22. Ng3 Na6 23. Ne2 Qb6 24. d4 c5 25. d5 Bd7 26. f4 Qd8 27. f5 1/2-1/2

[Event "CYCC U18"]
[Site "Hamilton CAN"]
[Date "2022.07.08"]
[Round "2.9"]
[White "Rodrigue-Lemieux, Shawn"]
[Black "England, Max"]
[Result "1-0"]
[WhiteElo "2493"]
[BlackElo "2084"]
[PlyCount "77"]
[EventDate "2022.07.08"]
[EventType "swiss"]
[EventRounds "7"]
[EventCountry "CAN"]

1. c4 Nf6 2. g3 e5 3. Bg2 d5 4. cxd5 Nxd5 5. Nf3 Nc6 6. O-O Nb6 7. b3 Be7 8.
Bb2 f6 9. Na3 O-O 10. Nc2 Bg4 11. d4 e4 12. Nd2 f5 13. Ne3 Bh5 14. g4 f4 15.
gxh5 fxe3 16. Nxe4 Nd5 17. Qd3 Ncb4 18. Qc4 Kh8 19. h6 Rg8 20. Ng3 c6 21. Kh1
b5 22. Qc1 Bg5 23. a3 exf2 24. Qb1 Na6 25. e4 Ne3 26. hxg7+ Rxg7 27. Rxf2 Ng4
28. Rf5 Ne3 29. d5 Nxf5 30. Nxf5 Bf6 31. Nxg7 Bxg7 32. Bxg7+ Kxg7 33. Qb2+ Kg8
34. Bh3 Qh4 35. Rg1+ Kf8 36. Qg7+ Ke8 37. Qg8+ Ke7 38. Qe6+ Kf8 39. Rg8# 1-0

[Event "CYCC U18"]
[Site "Hamilton CAN"]
[Date "2022.07.08"]
[Round "2.10"]
[White "Wu, Tony (Dongze)"]
[Black "Zomorrodian, Eilia"]
[Result "0-1"]
[WhiteElo "2146"]
[BlackElo "2263"]
[PlyCount "62"]
[EventDate "2022.07.08"]
[EventType "swiss"]
[EventRounds "7"]
[EventCountry "CAN"]

1. d4 Nf6 2. g3 g6 3. Bg2 Bg7 4. Nf3 O-O 5. O-O d6 6. Re1 c5 7. dxc5 dxc5 8.
Qxd8 Rxd8 9. c3 Nc6 10. Na3 Bf5 11. Nd2 Rac8 12. Ndc4 Be6 13. Bxc6 Rxc6 14. Na5
Rc7 15. Be3 Nd5 16. Red1 Rcd7 17. Bxc5 Nxc3 18. Rxd7 Nxe2+ 19. Kf1 Rxd7 20.
Kxe2 b6 21. Nb3 bxc5 22. Nxc5 Bxb2 23. Rb1 Bxa3 24. Nxd7 Bxd7 25. Rb7 Bc6 26.
Rxa7 Bc5 27. Rc7 Bb5+ 28. Kd1 Bd6 29. Ra7 Kg7 30. a4 Bc5 31. Ra8 Bc6 0-1

[Event "CYCC U18"]
[Site "Hamilton CAN"]
[Date "2022.07.08"]
[Round "2.11"]
[White "Doknjas, Neil"]
[Black "Wang, Bingfei"]
[Result "1-0"]
[WhiteElo "2262"]
[BlackElo "1919"]
[PlyCount "75"]
[EventDate "2022.07.08"]
[EventType "swiss"]
[EventRounds "7"]
[EventCountry "CAN"]

1. e4 e6 2. d4 d5 3. Nc3 Nf6 4. Bg5 dxe4 5. Nxe4 Be7 6. Bxf6 Bxf6 7. Nf3 O-O 8.
Bd3 Bxd4 9. c3 Bb6 10. Qe2 Nd7 11. O-O-O Qe7 12. h4 Nc5 13. Nxc5 Bxc5 14. Bxh7+
Kxh7 15. Ng5+ Kg6 16. Qd2 f5 17. h5+ Kf6 18. Nh7+ Kf7 19. Nxf8 Qxf8 20. h6 gxh6
21. Rxh6 Be7 22. Rh7+ Kg8 23. Rdh1 Qf6 24. Kb1 Bf8 25. Qd1 Bg7 26. R7h3 e5 27.
Qd5+ Kf8 28. Rg3 c6 29. Rh8+ Bxh8 30. Rg8+ Ke7 31. Qd8+ Ke6 32. Re8+ Kf7 33.
Rf8+ Kg6 34. Qe8+ Kg5 35. Rxh8 Kf4 36. Qh5 Qg7 37. Qh4+ Qg4 38. Qh2+ 1-0

[Event "CYCC U18"]
[Site "Hamilton CAN"]
[Date "2022.07.08"]
[Round "2.12"]
[White "Yoker, Callum"]
[Black "Superceanu, Andi"]
[Result "1/2-1/2"]
[WhiteElo "1670"]
[BlackElo "1944"]
[PlyCount "93"]
[EventDate "2022.07.08"]
[EventType "swiss"]
[EventRounds "7"]
[EventCountry "CAN"]

1. Nf3 d5 2. e3 Nf6 3. b3 e6 4. Bb2 Be7 5. d4 O-O 6. Bd3 b6 7. O-O Bb7 8. Nbd2
c5 9. c4 cxd4 10. Nxd4 Nc6 11. a3 Rc8 12. Qe2 Re8 13. Rfd1 Bf8 14. Nxc6 Bxc6
15. Rac1 Qe7 16. cxd5 Nxd5 17. Ba6 Bb7 18. b4 Red8 19. Rxc8 Rxc8 20. Bxb7 Qxb7
21. Rc1 Rxc1+ 22. Bxc1 a5 23. b5 Qc7 24. Qc4 Qe5 25. e4 Nc3 26. a4 Qc5 27. Bb2
Qxc4 28. Nxc4 Nxa4 29. Bd4 Bc5 30. Bxc5 Nxc5 31. Nxb6 Nxe4 32. Nc4 a4 33. f3
Nc5 34. Kf2 Kf8 35. Ke3 Ke7 36. Kd4 Nb3+ 37. Kc3 Nc5 38. Kd4 Nb7 39. Kc3 f6 40.
Kb4 e5 41. Kxa4 Kd7 42. Kb4 Kc7 43. Nd2 h5 44. h4 Nd6 45. g3 Nf5 46. Ne4 Nd4
47. Nd2 1/2-1/2

[Event "CYCC U18"]
[Site "Hamilton CAN"]
[Date "2022.07.08"]
[Round "2.13"]
[White "Khamidov, Bek"]
[Black "Faizy, Mohammed"]
[Result "0-1"]
[WhiteElo "782"]
[BlackElo "1395"]
[PlyCount "62"]
[EventDate "2022.07.08"]
[EventType "swiss"]
[EventRounds "7"]
[EventCountry "CAN"]

1. e4 c5 2. Nf3 e6 3. d4 cxd4 4. Nxd4 Nc6 5. f4 a6 6. Nc3 Qc7 7. Be3 Bb4 8. a3
Bxc3+ 9. bxc3 Nf6 10. Bd3 d6 11. O-O O-O 12. Qb1 Rb8 13. Qb3 Na5 14. Qb4 b5 15.
Rf3 Nc4 16. Bc1 Bb7 17. Bxc4 bxc4 18. Qa4 Nxe4 19. Rh3 e5 20. fxe5 dxe5 21. Ne2
f5 22. Be3 f4 23. Bf2 Nxf2 24. Kxf2 Qc5+ 25. Kf1 f3 26. gxf3 Bxf3 27. Qxa6
Bxe2+ 28. Kxe2 Qf2+ 29. Kd1 Rbd8+ 30. Rd3 cxd3 31. Qe6+ Kh8 0-1

[Event "CYCC U18"]
[Site "Hamilton CAN"]
[Date "2022.07.08"]
[Round "2.14"]
[White "Yu, Christopher"]
[Black "Ashley, Mathew"]
[Result "1-0"]
[WhiteElo "1591"]
[BlackElo "1196"]
[PlyCount "53"]
[EventDate "2022.07.08"]
[EventType "swiss"]
[EventRounds "7"]
[EventCountry "CAN"]

1. e4 c6 2. d4 d5 3. Nc3 dxe4 4. Nxe4 Nf6 5. Nxf6+ exf6 6. Nf3 Bd6 7. Be2 O-O
8. O-O Re8 9. h3 Nd7 10. c3 Nf8 11. Bd3 Be6 12. Qc2 Rc8 13. Be3 Qd7 14. h4 Bg4
15. Nd2 Ng6 16. Ne4 Bb8 17. f3 Be6 18. h5 Nf4 19. Bxf4 Bxf4 20. Rfe1 Qd5 21. g3
Bh6 22. Kf2 b6 23. b3 Qd7 24. a4 c5 25. Bb5 Qb7 26. Bxe8 Rxe8 27. Nd6 1-0

[Event "CYCC U18"]
[Site "Hamilton CAN"]
[Date "2022.07.09"]
[Round "3.1"]
[White "Zomorrodian, Eilia"]
[Black "Rodrigue-Lemieux, Shawn"]
[Result "0-1"]
[WhiteElo "2253"]
[BlackElo "2493"]
[PlyCount "68"]
[EventDate "2022.07.08"]
[EventType "swiss"]
[EventRounds "7"]
[EventCountry "CAN"]

1. e4 c6 2. d4 d5 3. exd5 cxd5 4. c4 Nf6 5. Nc3 e6 6. c5 Be7 7. Nf3 O-O 8. Qc2
b6 9. b4 a5 10. Na4 axb4 11. Nxb6 Ra5 12. Nxc8 Qxc8 13. Bd3 Nc6 14. O-O Qa8 15.
Qe2 Rc8 16. Re1 Rc7 17. Bb1 Ne4 18. Bxe4 dxe4 19. Qxe4 Rxa2 20. Rb1 Rd7 21. Bg5
Bf8 22. h4 h6 23. Bf4 Rd5 24. Red1 Qd8 25. Rb3 Rxc5 26. Ne5 Nxe5 27. Bxe5 Qd5
28. Qg4 Rc3 29. Rxb4 h5 30. Qg5 f6 31. Qg6 Bxb4 32. Bxf6 Bf8 33. Be5 Rca3 34.
Qxh5 Rg3 0-1

[Event "CYCC U18"]
[Site "Hamilton CAN"]
[Date "2022.07.09"]
[Round "3.2"]
[White "England, Max"]
[Black "Doknjas, Neil"]
[Result "0-1"]
[WhiteElo "2084"]
[BlackElo "2262"]
[PlyCount "128"]
[EventDate "2022.07.08"]
[EventType "swiss"]
[EventRounds "7"]
[EventCountry "CAN"]

1. e4 c6 2. d4 d5 3. Nc3 dxe4 4. Nxe4 Nf6 5. Nxf6+ exf6 6. Nf3 Bd6 7. Bd3 O-O
8. O-O Re8 9. h3 Be6 10. c4 Nd7 11. Re1 Nf8 12. Bd2 Qd7 13. Qb3 Rac8 14. Rad1
Ng6 15. Bxg6 hxg6 16. Bb4 Bxb4 17. Qxb4 Bf5 18. Qc3 g5 19. Nd2 Re6 20. Nf1 Bg6
21. Ne3 f5 22. d5 Re4 23. f3 Ree8 24. Qb4 c5 25. Qb5 Qxb5 26. cxb5 Rcd8 27. d6
f6 28. Kf2 Kf8 29. Nc4 b6 30. a4 Rxe1 31. Kxe1 Bf7 32. Ne3 Bb3 33. Ra1 f4 34.
Nf5 Be6 35. Ne7 Rxd6 36. Nc6 a5 37. Ra3 Ke8 38. Rc3 Kd7 39. Nb8+ Kc7 40. Nc6
Bd7 41. b4 Bxc6 42. bxc5 Re6+ 43. Kd2 Bd5 44. cxb6+ Kxb6 45. Rd3 Rd6 46. Kc3
Kc5 47. Rd1 Bf7 48. Re1 Re6 49. Rb1 Bg6 50. Rb2 Rd6 51. Re2 Rd3+ 52. Kb2 Re3
53. Rd2 Bd3 54. Rd1 Kc4 55. b6 Re6 56. Rc1+ Kd4 57. Rc7 Rxb6+ 58. Kc1 Rb1+ 59.
Kd2 Rb2+ 60. Ke1 Rxg2 61. Rxg7 Ke3 62. Re7+ Kxf3 63. Ra7 Ke3 64. Re7+ Be4 0-1

[Event "CYCC U18"]
[Site "Hamilton CAN"]
[Date "2022.07.09"]
[Round "3.9"]
[White "Faizy, Mohammed"]
[Black "Wu, Tony (Dongze)"]
[Result "0-1"]
[WhiteElo "1395"]
[BlackElo "2146"]
[PlyCount "90"]
[EventDate "2022.07.08"]
[EventType "swiss"]
[EventRounds "7"]
[EventCountry "CAN"]

1. e4 c5 2. Nf3 d6 3. d4 cxd4 4. Nxd4 Nf6 5. Nc3 g6 6. Be3 a6 7. f3 b5 8. Qd2
Bb7 9. O-O-O h5 10. h4 Nbd7 11. Kb1 Rc8 12. a3 Qc7 13. Bd3 Bg7 14. Nde2 Rb8 15.
Nf4 Bc6 16. Ncd5 Bxd5 17. exd5 Ne5 18. Rhe1 Rb7 19. Qe2 Bh6 20. Bd2 Nc4 21. Bc3
Kd8 22. Bxc4 Bxf4 23. Bb3 Rf8 24. Qf2 Nd7 25. Re4 Be5 26. Bxe5 dxe5 27. f4 f5
28. d6 exd6 29. Re2 e4 30. Qg3 Rf6 31. Qg5 Kc8 32. Qh6 Qd8 33. Red2 Qe7 34. Bd5
Rb8 35. Qg5 Rb6 36. Qg3 Qd8 37. Qb3 Kb8 38. Be6 Nc5 39. Qc3 Nxe6 40. Rxd6 Rxd6
41. Rxd6 Qxd6 42. Qxf6 e3 43. Qh8+ Nf8 44. Qc3 e2 45. Qe3 Qe6 0-1

[Event "CYCC U18"]
[Site "Hamilton CAN"]
[Date "2022.07.09"]
[Round "3.11"]
[White "Wang, Bingfei"]
[Black "Yu, Christopher"]
[Result "1-0"]
[WhiteElo "1919"]
[BlackElo "1591"]
[PlyCount "77"]
[EventDate "2022.07.08"]
[EventType "swiss"]
[EventRounds "7"]
[EventCountry "CAN"]

1. d4 d5 2. c4 e6 3. Nf3 Nf6 4. Nc3 c6 5. Bg5 Nbd7 6. e3 Qa5 7. Nd2 Bb4 8. Qc2
Ne4 9. Ndxe4 dxe4 10. Bf4 O-O 11. Be2 f5 12. O-O Nf6 13. Nb1 Qd8 14. c5 Ba5 15.
a3 Bc7 16. Bxc7 Qxc7 17. Nd2 g5 18. Nc4 g4 19. Nd6 Ne8 20. Nxe8 Rxe8 21. b4 h5
22. f3 exf3 23. gxf3 Kh8 24. Kh1 Bd7 25. fxg4 hxg4 26. Bxg4 Rg8 27. Bf3 Rg7 28.
Rg1 Rh7 29. Rg2 a5 30. Rag1 axb4 31. axb4 e5 32. d5 Qd8 33. dxc6 bxc6 34. Rg3
Qh4 35. Qg2 Qd8 36. Rg7 Qf8 37. Rxh7+ Kxh7 38. Qg6+ Kh8 39. Qh5+ 1-0

[Event "CYCC U18"]
[Site "Hamilton CAN"]
[Date "2022.07.09"]
[Round "3.12"]
[White "Khamidov, Bek"]
[Black "Yoker, Callum"]
[Result "1/2-1/2"]
[WhiteElo "782"]
[BlackElo "1670"]
[PlyCount "49"]
[EventDate "2022.07.08"]
[EventType "swiss"]
[EventRounds "7"]
[EventCountry "CAN"]

1. e4 e6 2. d4 d5 3. e5 c5 4. c3 Qb6 5. Nf3 Bd7 6. Be2 Bb5 7. Bxb5+ Qxb5 8. Qe2
Qxe2+ 9. Kxe2 Nc6 10. Be3 cxd4 11. cxd4 h6 12. Nc3 Kd7 13. a3 Nge7 14. g4 Nc8
15. b4 Nb6 16. Nd2 Rc8 17. Rhc1 h5 18. g5 g6 19. h4 Be7 20. Kd3 Rhd8 21. Nb3
Nc4 22. Bf4 Bf8 23. Nd2 Nb2+ 24. Kc2 Nc4 25. Nxc4 1/2-1/2